| 000 | 00583nam a22001337a 4500 | ||
|---|---|---|---|
| 040 | _cRUA | ||
| 082 | _aAGR CHO 2011 B047 Or.1 | ||
| 100 | _aCHON, VANNARITH. | ||
| 245 | _aEffect of planting date on cassava variety km 94 (ឥទ្ធិពលនៃពេលវេលាដាំដុះទៅលើការលូតលាស់របស់ពូជដំឡូងមីខេអឺម៩៤) | ||
| 260 |
_aPhnom Penh _bRUA _c2011 |
||
| 300 |
_aix, 38p. _bill. _c29cm. |
||
| 856 | _uhttps://drive.google.com/file/d/1yf501TxZDibJHas8j4IjmEBslagfQIzG/view?usp=sharing | ||
| 942 | _cAGR | ||
| 999 |
_c1504 _d1504 |
||